000 00693nam a2200253Ia 4500
003 OSt
005 20221006143639.0
006 a|||||r|||| 00| 0
007 ta
008 221006b |||||||| |||| 00| 0 eng d
020 _c
_22.50
024 _a9,537
037 _cTextual
040 _aEASL
_cEASL
_beng
041 _2eng
_aeng
082 _aX:89ZB.5-4.N71, L2
100 _aBAUER P.T
245 0 _aDissent on development
_b Studies and debates in development economics
260 _aCambridge
_bHarvard University Press
_c1972
300 _a550p.
_ccm.
490 _v Oth
942 _hX:89ZB.5-4.N71, L2
_cTEXL
_2CC
999 _c1077623
_d1077623